=LDR 00000nam 2200000 4500 =001 INLIS000000000022431 =005 20130612121205 =008 ***********************************Ind** =035 ##$$0010-061300000022431 =041 ##$$a Ind =082 ##$$a 618.504 =090 ##$$a 618.504, Obs-o =245 ##$$a Obstetri Operatif, Bagian Obstetri dan Ginekologi Fak.Kedokteran Univ. Padjadjaran Bandung =260 ##$$a 1987 $b Bandung =300 ##$$a 176 hlm., ilus., 26 cm =650 ##$$a Obstetri - Ginekologi =850 ##$$a NBPNMAT =990 ##$$a 90847/BPAP-NTB/2014 =990 ##$$a 90848/BPAP-NTB/2014 =990 ##$$a 21400613/BPAP-NTB/20142014 =990 ##$$a 21400613/BPAP-NTB/20142014 =990 ##$$a 21400613/BPAP-NTB/20142014 =990 ##$$a 0001/BPAP-NTB/20142015